Prénoms filles 2017 - Statistiques

Statistiques générales
  • Ce quiz a été pris 119 fois
  • Le résultat moyen est 52 sur 100
Statistiques - réponses
Hint Lettre Prénoms % Correct
19 L Lou
95%
1 E Emma
90%
8 L Léa
89%
2 L Louise
88%
4 C Chloé
85%
11 Z Zoé
84%
14 J Juliette
82%
58 M Marie
79%
3 J Jade
77%
18 M Manon
77%
12 A Anna
74%
41 C Clara
73%
31 E Élise
73%
16 J Julia
73%
32 J Jeanne
72%
5 A Alice
71%
7 L Lina
71%
21 L Lucie
71%
50 C Camille
70%
65 L Lisa
70%
27 I Inès
67%
90 P Pauline
67%
10 R Rose
67%
28 C Charlotte
66%
13 L Lola
66%
99 S Sara
66%
6 L Léna
65%
67 L Lise
65%
86 O Océane
63%
30 R Romane
63%
83 E Élisa
61%
20 E Eva
61%
63 L Louane
61%
62 V Valentine
59%
43 M Margot
57%
38 O Olivia
57%
17 A Ambre
56%
26 N Nina
56%
57 N Noémie
56%
29 S Sarah
55%
78 Y Yasmine
55%
24 M Margaux
54%
68 M Mathilde
54%
70 V Victoria
54%
73 G Gabrielle
52%
42 L Lilou
52%
34 M Maëlys
52%
36 C Clémence
51%
61 I Iris
51%
69 E Éloïse
50%
9 M Mia
50%
37 A Adèle
49%
23 A Agathe
49%
66 H Héloïse
49%
98 M Maria
49%
39 R Romy
49%
22 E Elena
48%
25 L Louna
48%
15 M Mila
48%
64 A Alicia
46%
44 A Anaïs
46%
51 E Elsa
46%
53 L Lana
46%
56 L Lily
46%
47 V Victoire
46%
49 E Emy
45%
35 L Luna
44%
48 T Théa
44%
33 L Léonie
41%
80 M Maya
41%
72 S Sofia
41%
74 C Célia
40%
40 L Léana
40%
84 L Lila
40%
96 Z Zélie
40%
52 M Mélina
39%
76 T Thaïs
39%
46 C Capucine
38%
91 C Constance
38%
79 E Élina
38%
77 F Faustine
37%
89 A Amélia
35%
54 M Mya
35%
95 C Charlie
34%
60 L Lya
34%
82 N Noûr
34%
94 E Emmy
33%
45 G Giulia
33%
75 S Soline
33%
85 R Roxane
30%
88 S Salomé
30%
55 A Aya
29%
81 A Assia
28%
92 L Livia
28%
71 L Lyna
27%
59 A Apolline
26%
87 E Éléonore
24%
100 L Lison
23%
97 L Lyana
23%
93 C Candice
22%
Aucun quiz correspondant
Distribution des résultats
% des personnes avec chaque résultat
Percentile par nombre de réponses
Votre historique - résultats
Vous n’avez pas pris ce quiz